English/UK Royal Consorts Click Quiz - Statistics

General Stats
  • This quiz has been taken 90 times
  • The average score is 13 of 35
Answer Stats
Hint Answer % Correct
Henry the 8th Catherine of Aragon, Anne Boleyn, Jane Seymore, Anne of Cleves, Catherine Howard, Catherine Parr
82%
Victoria Albert of Saxe-Coburg and Gotha
79%
Elizabeth the 2nd Philip, Duke of Edinburgh
79%
Charles the 3rd Diana Spencer & Camilla Parker Bowles
75%
George the 6th Elizabeth Bowes-Lyon
68%
Mary the 1st Philip II of Spain
64%
Edward the 7th Alexandra of Denmark
61%
Henry the 7th Elizabeth of York
54%
Anne George of Denmark
54%
William the 4th Adelaide of Saxe-Meiningen
46%
George the 3rd Charlotte of Mecklenburg-Strelitz
46%
Richard the 3rd Anne Neville
43%
George the 5th Mary of Teck
43%
Richard the Lionheart Berengaria of Navarre
36%
Henry the 2nd Eleanor of Aquitaine
36%
Edward the 4th Elizabeth Woodville
32%
William The Conqueror Matilda of Flanders
32%
George the 4th Caroline of Brunswick
29%
Charles the 2nd Catherine of Braganza
29%
James the 2nd Anne Hyde & Mary of Modena
25%
Henry the 6th Margaret of Anjou ​
25%
James the 1st Anne of Denmark
21%
Henry the 5th Catherine of Valois
21%
Charles the 1st Henrietta Maria of France
21%
John Isabella, Countess of Gloucester & Isabella, Countess of Angoulême
21%
Stephen Matilda I, Countess of Boulogne
21%
George the 2nd Caroline of Ansbach
18%
Edward the 1st Eleanor of Castile & Margaret of France
18%
Richard the 2nd Anne of Bohemia & Isabella of Valois
14%
Edward the 2nd Isabella of France
14%
Edward the 3rd Philippa of Hainault
14%
Henry the 3rd Eleanor of Provence
11%
Henry the 4th Mary de Bohun & Joan of Navarre
11%
Henry the 1st Matilda of Scotland & Adeliza of Louvain
11%
George the 1st Sophia Dorothea of Celle
11%
No matching quizzes found
Score Distribution
Percent of People with Each Score
Percentile by Number Answered
Your Score History
You have not taken this quiz